| 000 | 00815cad a22002055a 4500 | ||
|---|---|---|---|
| 001 | L153879 | ||
| 008 | 110914s2011 xxk f 000 0 eng d | ||
| 035 | _a(Sirsi) u153879 | ||
| 041 | 0 | _aeng | |
| 110 | 2 | _aKPMG | |
| 245 | 0 | 0 |
_aInvestment in infrastructure would kick-start UK growth _h[electronic resource] |
| 260 |
_aLondon _bKPMG _c2011 |
||
| 520 | _aBusinesses say UK infrastructure is inferior to EU rivals. | ||
| 590 | _aKA NTK | ||
| 651 | 4 | _aEurope | |
| 690 | _aBUILT ENVIRONMENT-CONSTRUCTION MANAGEMENT | ||
| 690 | _aBUILT ENVIRONMENT-CONSTRUCTION MARKET | ||
| 856 | 4 | 0 |
_uhttps://www.kpmg.com/UK/en/IssuesAndInsights/ArticlesPublications/NewsReleases/Pages/Investment-In-Infrastructure-Would-Kick-Start-UK-Growth-New-CBI-KPMG-Survey.aspx _zView this item free of charge at www.kpmg.com |
| 942 | _n0 | ||
| 999 |
_c112745 _d112745 |
||